| 000 | 03664cgm a2200733Ia 4500 | ||
|---|---|---|---|
| 001 | ocn750453569 | ||
| 003 | OCoLC | ||
| 005 | 20241220131657.0 | ||
| 008 | 110908s2011 cau112 vleng d | ||
| 007 | vd cvalzq | ||
| 040 |
_aLPU _cLPU _dTEF _dBKX _dTEFMT _dRNC _dMR0 _dGK8 _dWAU _dUPZ _dUINTA |
||
| 020 | _a1415759685 | ||
| 020 | _a9781415759684 | ||
| 024 | 1 | 0 | _a097363552840 |
| 024 | 1 | _a097363552864 | |
| 028 | 4 | 2 |
_aPAR239754002 _bParamount Home Entertainment |
| 028 | 2 | 0 |
_a35528 _bParamount Home Entertainment |
| 035 | _a(OCoLC)750453569 | ||
| 041 | 1 |
_aeng _afre _aspa _jeng _jfre _jspa _heng |
|
| 050 | 4 |
_aPN1997.2 _b.S87 2011 |
|
| 082 | 0 | 4 |
_a791.43/72 _223 |
| 049 | _aUCLB | ||
| 092 | _a791.437 | ||
| 245 | 0 | 0 |
_aSuper 8 _h[videorecording] / _cParamount Pictures presents ; an Amblin Entertainment/Bad Robot production ; produced by Steven Spielberg, J.J. Abrams, Bryan Burk ; written and directed by J.J. Abrams. |
| 246 | 3 | _aSuper eight | |
| 257 |
_aUnited States. _2naf |
||
| 260 |
_aHollywood, Calif. : _bParamount Home Entertainment, _cc2011. |
||
| 300 |
_a1 videodisc (112 min.) : _bsd., col. ; _c4 3/4 in. |
||
| 538 | _aDVD ; widescreen presentation ; Dolby digital 5.1 surround. | ||
| 546 | _aIn English, dubbed French or dubbed Spanish, with optional subtitles in English, French or Spanish. Closed-captioned. Optional descriptive audio in English for the visually impaired. | ||
| 511 | 1 | _aElle Fanning, Amanda Michalka, Kyle Chandler, Joel Courtney, Ryan Lee. | |
| 508 | _aMusic, Michael Giacchino ; editor, Mary Jo Markey ; director of photography, Larry Fong. | ||
| 500 | _aDVD release of the 2011 motion picture. | ||
| 521 | 8 | _aMPAA rating: PG-13; for intense sequences of sci-fi action and violence, language and some drug use. | |
| 520 | _aIn the summer of 1979, a group of friends in a small Ohio town witnesses a catastrophic train crash while making a super 8 movie and soon they suspect that it was not an accident. Shortly after, unusual disappearances and inexplicable events begin to take place in town, and the local deputy tries to uncover the truth, something more terrifying than any of them could have imagined. | ||
| 500 | _aSpecial features: The dream behind Super 8; the visitor lives: creating the creature; director J.J. Abrams & filmmakers' commentary. | ||
| 650 | 0 |
_aAliens _vDrama. _96478881 |
|
| 650 | 0 |
_aFriendship _vDrama. _95682261 |
|
| 650 | 0 |
_aRailroad accidents _vDrama. _96355350 |
|
| 650 | 0 |
_aHuman-alien encounters _vDrama. _95698344 |
|
| 655 | 7 |
_aScience fiction films. _2lcgft _96229462 |
|
| 655 | 7 |
_aThrillers (Motion pictures) _2lcgft _96229463 |
|
| 655 | 7 |
_aFiction films. _2lcgft _96229464 |
|
| 655 | 7 |
_aFeature films. _2lcgft _96229465 |
|
| 655 | 7 |
_aFeature films _zUnited States. _2local _95702540 |
|
| 655 | 7 |
_aVideo recordings for the hearing impaired. _2lcgft _96229466 |
|
| 655 | 7 |
_aVideo recordings for people with visual disabilities. _2lcgft _95676923 |
|
| 700 | 1 |
_aAbrams, Jeffrey, _d1964- _4aus _4pro _4drt _965179 |
|
| 700 | 1 |
_aSpielberg, Steven, _d1946- _4pro _910753 |
|
| 700 | 1 |
_aBurk, Bryan, _d1968- _4pro _96219570 |
|
| 700 | 1 |
_aFanning, Elle, _d1998- _4act _974464 |
|
| 700 | 1 |
_aMichalka, Amanda, _d1991- _4act _973122 |
|
| 700 | 1 |
_aChandler, Kyle. _4act _95764078 |
|
| 700 | 1 |
_aCourtney, Joel. _4act _96229467 |
|
| 700 | 1 |
_aLee, Ryan, _d1996- _4act _96229468 |
|
| 700 | 1 |
_aGiacchino, Michael. _4cmp _971524 |
|
| 710 | 2 |
_aParamount Home Entertainment (Firm) _972161 |
|
| 710 | 2 |
_aParamount Pictures Corporation. _97712 |
|
| 710 | 2 |
_aAmblin Entertainment (Firm) _923913 |
|
| 710 | 2 |
_aBad Robot (Firm) _969683 |
|
| 942 |
_cDVD _0335 |
||
| 994 |
_aC0 _bUINTA |
||
| 998 | _aa148305 | ||
| 999 |
_c81271 _d81271 |
||